000 00642nam a22001937a 4500
003 0
005 20250915155317.0
008 250915b xxu||||| |||| 00| 0 eng d
020 _a978-981-12-8284-3
050 _aTJ 211.35
_b.J64 2024
100 _aJohnson, David O.,
_eauthor.
245 _aBasic human-robot interaction /
_cDavid O. Johnson.
260 _aSingapore :
_bWorld Scientific Publishing Co. Pte. Ltd.,
_c2024.
300 _axvii, 306 pages :
_billustrations ;
_c24 cm.
504 _aIncludes bibliographical references and index.
650 _aHuman-robot interaction.
650 _aRobotics
_xHuman factors.
942 _2lcc
_cBK
999 _c367963
_d367963